Konsep perubatan Islam [

Bibliographic Details
Main Author: Tuan Ibrahim Tuan Man
Format: Book
Published: Kuala Lumpur : Qudus Enterprise , 19-
Subjects:

MARC

LEADER 00000cam a2200000 7i4500
001 0000024773
002 000026740
005 20021106.0
090 0 0 |a 297.5642   |b TUA 
100 0 |a Tuan Ibrahim Tuan Man   |f Ustaz 
245 1 0 |a Konsep perubatan Islam [  |h sound recording]   |c Ustaz Tuan Ibrahim Tuan Man 
260 |a Kuala Lumpur :   |b Qudus Enterprise ,   |c 19- 
300 |a 1 sound cassette (35 minutes) 
500 |a Library has 2 copies 
650 0 0 |a Islam 
650 0 0 |a Medicine   |x Religious aspects   |x Islam 
999 |a KS00701   |b KASET   |c PINJAMAN   |e PERPUSTAKAAN KOMUNITI PETALING JAYA 
999 |a KS00702   |b KASET   |c PINJAMAN   |e PERPUSTAKAAN KOMUNITI PETALING JAYA